Chicago Bulls Season Leaders - Statistics

General Stats
  • This quiz has been taken 762 times
    302 since last reset
  • The average score is 20 of 74
Answer Stats
Answer % Correct
DeMar DeRozan
95%
Michael Jordan
95%
Zach Lavine
94%
Derrick Rose
91%
Jalen Rose
91%
Scottie Pippen
91%
Dennis Rodman
88%
Nikola Vučević
80%
Joakim Noah
76%
Jimmy Butler
73%
Alex Caruso
57%
Artis Gilmore
57%
Coby White
52%
Horace Grant
52%
Jerian Grant
51%
Toni Kukoc
51%
Patrick Williams
43%
Luc Longley
40%
Bob Boozer
39%
Carlos Boozer
39%
Bob Love
38%
Pau Gasol
36%
Ron Harper
31%
John Paxson
29%
Ben Gordon
28%
Charles Oakley
27%
Lauri Markkanen
27%
Rajon Rondo
27%
Jerry Sloan
26%
Wendell Carter Jr
26%
Kirk Hinrich
25%
Taj Gibson
24%
Elton Brand
21%
Mickey Johnson
20%
Reggie Theus
19%
Tyson Chandler
18%
Nate Robinson
16%
Robin Lopez
16%
Jamal Crawford
14%
Ben Wallace
13%
Chet Walker
13%
Kris Dunn
12%
Metta World Peace
11%
Norm Van Lier
11%
Randy Brown
11%
Eddy Curry
10%
Tyrus Thomas
10%
Antonio Davis
9%
Thaddeus Young
9%
Orlando Woolridge
8%
Daniel Gafford
7%
Tomas Satoransky
7%
Tom Boerwinkle
7%
Ronnie Brewer
6%
Dave Corzine
5%
David Greenwood
5%
Nate Thurmond
5%
Clifford Ray
3%
Dickey Simpkins
3%
Ennis Whatley
3%
Jawann Oldham
3%
Marcus Fizer
3%
Quintin Dailey
3%
Clem Haskins
2%
Donyell Marshall
2%
Fred Hoiberg
2%
Greg Anthony
2%
Kyle Macy
2%
Shaquille Harrison
2%
Brad Sellers
1%
Jim Washington
1%
Ricky Sobers
1%
Wilbur Holland
1%
Keith Erickson
0%
No matching quizzes found
Score Distribution
Percent of People with Each Score
Percentile by Number Answered
Your Score History
You have not taken this quiz since the last reset